Cạnh tranh trong viễn thông /

Uloženo v:
Podrobná bibliografie
Hlavní autor: Không rõ
Médium: Kniha
Jazyk:Vietnamese
Vydáno: Bưu điện 2001
Tagy: Přidat tag
Žádné tagy, Buďte první, kdo otaguje tento záznam!
Thư viện lưu trữ: Mạng thư viện Đại học Đà Nẵng
LEADER 00717nam a2200265 4500
001 000027113
003 CA-T
005 20150403120000.0
008 150403s vm 000 vie
020 |c 0,0000 
040 |a notts 
100 |a Không rõ 
245 |a Cạnh tranh trong viễn thông /  |c Mai Thế Nhượng và nhóm chuyên viên Viện kinh tế Bưu điện biên dịch ; Nguyễn Ngô Việt hiệu đính. 
260 |b Bưu điện  |c 2001 
OWN |a LTT 
999 |a From the UDN01 
TYP |a Monograph 
TYP |a Printed language 
980 |a Mạng thư viện Đại học Đà Nẵng